[Event "26th Carlos Torre Mem"]
[Site "Merida MEX"]
[Date "2014.12.19"]
[Round "4.4"]
[White "Gonzalez, Renier"]
[Black "Cordova, Emilio"]
[Result "0-1"]
[WhiteTitle "GM"]
[BlackTitle "GM"]
[WhiteElo "2483"]
[BlackElo "2616"]
[WhiteFideId "3501841"]
[BlackFideId "3801497"]
[EventDate "2014.12.18"]

1. e4 c5 2. Nf3 Nc6 3. Bb5 e6 4. O-O Nge7 5. Re1 Ng6 6. c3 a6 7. Bf1 Be7 8. d4
cxd4 9. cxd4 d5 10. e5 O-O 11. Be3 Bd7 12. Nc3 Qc7 13. Rc1 f6 14. exf6 Rxf6 15.
Na4 Raf8 16. Nd2 Bd6 17. g3 Nge7 18. Bd3 Nf5 19. Bxf5 Rxf5 20. Nc5 Bc8 21. Nd3
g5 22. Qe2 Qg7 23. Nb3 Qg6 24. Qd2 h5 25. Na5 Nxa5 26. Qxa5 h4 27. Qb6 Bb8 28.
Rxc8 Rxc8 29. Qxb7 Rcf8 30. Qxa6 hxg3 31. hxg3 Qf7 32. Rc1 Bxg3 33. Rc8 Bf4 34.
Rxf8+ Kxf8 35. Bxf4 gxf4 36. Qc8+ Kg7 37. Ne5 Rxe5 38. dxe5 Qg6+ 39. Kf1 f3 40.
Qc7+ Kh6 41. Qc1+ 0-1

[Event "26th Carlos Torre Mem"]
[Site "Merida MEX"]
[Date "2014.12.19"]
[Round "4.5"]
[White "Ibarra Chami, Luis Fernando"]
[Black "Gonzalez Vidal, Yuri"]
[Result "1/2-1/2"]
[WhiteTitle "IM"]
[BlackTitle "GM"]
[WhiteElo "2462"]
[BlackElo "2560"]
[WhiteFideId "5105048"]
[BlackFideId "3503321"]
[EventDate "2014.12.18"]

1. c4 e6 2. Nf3 Nf6 3. g3 d5 4. Bg2 dxc4 5. Qa4+ c6 6. Qxc4 b5 7. Qc2 Bb7 8. O-O
Nbd7 9. b3 Be7 10. Bb2 O-O 11. d3 a5 12. Nbd2 Qb6 13. Rab1 Qa6 14. Rfc1 Rfc8 15.
h3 h6 16. a4 Nd5 17. Ne4 Nb4 18. Qd2 Qb6 19. Qc3 Nf6 20. Qe5 c5 21. Nh2 Bxe4 22.
dxe4 Bd6 23. Qc3 e5 24. Rd1 c4 25. axb5 Na2 26. Qd2 Bb4 27. Qc2 c3 28. Ba1 Bc5
29. e3 Bxe3 30. Qxa2 c2 31. fxe3 Qxe3+ 32. Kh1 Nh5 33. Bxe5 Nxg3+ 34. Bxg3 Qxg3
35. Rbc1 cxd1=Q+ 36. Rxd1 Qe5 37. Qe2 Rab8 38. Rd5 Qc3 39. Qf3 Qc1+ 40. Bf1 Rc3
41. Rd3 Rbc8 42. Kg2 Qc2+ 43. Kg1 Qxb3 44. Ng4 a4 45. e5 a3 46. Nxh6+ gxh6 47.
Qg4+ Kh7 48. Qf5+ Kg7 49. Qg4+ Kh7 50. Qxc8 Rxd3 51. Qf5+ Kg8 52. Bxd3 a2 53.
Qh7+ Kf8 54. Qxh6+ Ke8 55. Qc6+ Kf8 56. Qh6+ Ke8 57. Qc6+ Kf8 58. Qh6+ Ke8 59.
Qc6+ 1/2-1/2

[Event "26th Carlos Torre Mem"]
[Site "Merida MEX"]
[Date "2014.12.19"]
[Round "4.6"]
[White "Obregon Rivero, Juan Carlos"]
[Black "Garcia Pantoja, Roberto"]
[Result "0-1"]
[WhiteTitle "IM"]
[BlackTitle "IM"]
[WhiteElo "2548"]
[BlackElo "2461"]
[WhiteFideId "3507815"]
[BlackFideId "3509265"]
[EventDate "2014.12.18"]

1. d4 Nf6 2. Nc3 e6 3. e4 d5 4. e5 Nfd7 5. Nf3 c5 6. dxc5 Nc6 7. Bf4 Nxc5 8. Qd2
a6 9. Bd3 Be7 10. h4 d4 11. Ne2 Nxd3+ 12. Qxd3 Nb4 13. Qb3 Nxc2+ 14. Qxc2 d3 15.
Qd2 dxe2 16. Qxe2 Bd7 17. a4 O-O 18. Kf1 Qa5 19. Kg1 Rac8 20. Ng5 Qb4 21. Qd3 g6
22. Qxd7 Rfd8 23. Bd2 Rxd7 24. Bxb4 Bxb4 25. Kh2 Rc4 26. Rad1 Rd2 27. Rxd2 Bxd2
28. Nf3 Rc2 29. Rd1 Ba5 30. b3 Bc7 31. Rd4 Kf8 32. Rb4 b6 33. Kg1 Rc1+ 34. Kh2
Ke7 35. g3 h6 36. Kg2 Rc3 37. Nd2 a5 38. Rb5 Kd7 39. b4 Ra3 40. bxa5 bxa5 41.
Rc5 Rxa4 42. Nc4 Rb4 43. Nxa5 Bb6 44. Nb7 Ba7 45. f4 Rxb7 46. Rc2 h5 47. Rd2+
Ke7 48. Kh3 Rb3 49. Ra2 Bd4 50. Rc2 Rb2 51. Rc1 Bf2 52. Rf1 Bc5 53. Rc1 Bb4 54.
Rc7+ Ke8 55. Rc8+ Kd7 56. Rc1 Re2 57. Ra1 Be1 58. Ra3 Bf2 59. Rd3+ Ke7 60. Rf3
Bg1 61. g4 Re3 62. Kg3 Bh2+ 63. Kg2 Rxf3 64. Kxf3 Kd7 0-1

[Event "26th Carlos Torre Mem"]
[Site "Merida MEX"]
[Date "2014.12.19"]
[Round "4.7"]
[White "Kjartansson, Gudmundur"]
[Black "Becerra Rivero, Julio"]
[Result "1-0"]
[WhiteTitle "IM"]
[BlackTitle "GM"]
[WhiteElo "2451"]
[BlackElo "2546"]
[WhiteFideId "2301318"]
[BlackFideId "3501728"]
[EventDate "2014.12.18"]

1. d4 Nf6 2. c4 g6 3. Nc3 Bg7 4. e4 d6 5. Nf3 O-O 6. Be2 e5 7. O-O Nc6 8. d5 Ne7
9. Ne1 Nd7 10. Be3 f5 11. f3 f4 12. Bf2 g5 13. Rc1 Rf6 14. Nd3 Rh6 15. c5 a6 16.
Re1 Qe8 17. h3 Qh5 18. Bf1 Rf6 19. cxd6 cxd6 20. Na4 g4 21. Rxc8+ Rxc8 22. fxg4
Qg5 23. Nb6 Rc7 24. Re2 Bf8 25. Ne1 Qg6 26. Rc2 Rxc2 27. Qxc2 Qg7 28. Bd3 Rg6
29. Nf3 h5 30. g5 Rxg5 31. Nxg5 Qxg5 32. Be2 Nf6 33. Bf3 Ng4 34. Qc8 1-0

[Event "26th Carlos Torre Mem"]
[Site "Merida MEX"]
[Date "2014.12.20"]
[Round "5.1"]
[White "Ramirez, Alejandro"]
[Black "Ortiz Suarez, Isan Reynaldo"]
[Result "1/2-1/2"]
[WhiteTitle "GM"]
[BlackTitle "GM"]
[WhiteElo "2579"]
[BlackElo "2623"]
[WhiteFideId "6500617"]
[BlackFideId "3507165"]
[EventDate "2014.12.18"]

1. Nf3 Nf6 2. c4 b6 3. g3 Bb7 4. Bg2 g6 5. O-O Bg7 6. d4 O-O 7. d5 e6 8. Nc3
exd5 9. cxd5 c5 10. e4 d6 11. Re1 Nbd7 12. Bf4 Ne8 13. Bg5 f6 14. Be3 Ne5 15.
Nh4 f5 16. exf5 gxf5 17. Qh5 Bc8 18. Bg5 Nf6 19. Qd1 Nf7 20. Bf4 Ng4 21. Qc2
Nfe5 22. h3 Nh6 23. Rad1 Rb8 24. Ne2 Bd7 25. Be3 b5 1/2-1/2

[Event "26th Carlos Torre Mem"]
[Site "Merida MEX"]
[Date "2014.12.20"]
[Round "5.2"]
[White "Martinez Duany, Lelys Stanley"]
[Black "Bruzon Batista, Lazaro"]
[Result "0-1"]
[WhiteTitle "GM"]
[BlackTitle "GM"]
[WhiteElo "2484"]
[BlackElo "2668"]
[WhiteFideId "3504727"]
[BlackFideId "3503739"]
[EventDate "2014.12.18"]

1. d4 Nf6 2. Nf3 e6 3. c4 b6 4. e3 Bb7 5. Bd3 d5 6. cxd5 exd5 7. O-O Bd6 8. Qa4+
Nbd7 9. Ne5 O-O 10. f4 a6 11. Nc3 c5 12. Kh1 b5 13. Qc2 g6 14. dxc5 Nxc5 15. Nf3
b4 16. Na4 Nxd3 17. Qxd3 Bc6 18. Qd1 Bb5 19. Re1 Re8 20. b3 Ne4 21. Qd4 Be7 22.
Bb2 Bf6 23. Ne5 Nf2+ 24. Kg1 Nd3 25. Red1 Nxe5 26. fxe5 Bxe5 27. Qxb4 Bxb2 28.
Nxb2 Rxe3 29. a4 Be2 30. Rd2 Qa5 31. Qd4 Re4 32. Qxd5 Qc3 33. Kh1 Rae8 34. Rg1
R4e5 35. Qd4 Qxb3 36. Nd3 Bf3 37. Rf1 Re2 38. Rxe2 Rxe2 39. Rf2 Bxg2+ 0-1

[Event "26th Carlos Torre Mem"]
[Site "Merida MEX"]
[Date "2014.12.20"]
[Round "5.3"]
[White "Garcia Pantoja, Roberto"]
[Black "Cordova, Emilio"]
[Result "1/2-1/2"]
[WhiteTitle "IM"]
[BlackTitle "GM"]
[WhiteElo "2461"]
[BlackElo "2616"]
[WhiteFideId "3509265"]
[BlackFideId "3801497"]
[EventDate "2014.12.18"]

1. e4 e6 2. d4 d5 3. Nc3 Nf6 4. e5 Nfd7 5. f4 c5 6. Nf3 Nc6 7. Be3 a6 8. Qd2 b5
9. dxc5 Bxc5 10. Bd3 Bb7 11. Bf2 Be7 12. O-O Nc5 13. a3 b4 14. axb4 Nxb4 15. Nd4
Ncxd3 16. cxd3 g6 17. Na4 Rc8 18. Bh4 O-O 19. Bxe7 Qxe7 20. Rfc1 a5 21. Nb3
Rxc1+ 22. Rxc1 Ba6 23. Nac5 Qa7 24. d4 Rc8 25. Nxa6 Rxc1+ 26. Qxc1 Qxa6 27. Qc7
Nc6 28. g3 Qc4 29. Nxa5 Qxd4+ 30. Kg2 Qe4+ 31. Kh3 Qf5+ 32. Kg2 Nd4 33. Nb7 Qe4+
34. Kh3 Qf5+ 35. Kg2 Qe4+ 1/2-1/2

[Event "26th Carlos Torre Mem"]
[Site "Merida MEX"]
[Date "2014.12.20"]
[Round "5.4"]
[White "Hevia Alejano, Carlos Antonio"]
[Black "Kjartansson, Gudmundur"]
[Result "1-0"]
[WhiteTitle "IM"]
[BlackTitle "IM"]
[WhiteElo "2511"]
[BlackElo "2451"]
[WhiteFideId "3508811"]
[BlackFideId "2301318"]
[EventDate "2014.12.18"]

1. e4 e5 2. Nf3 Nc6 3. Bb5 a6 4. Ba4 Nf6 5. O-O Be7 6. Re1 b5 7. Bb3 d6 8. c3
O-O 9. h3 Bb7 10. d4 Re8 11. Nbd2 exd4 12. cxd4 Nd7 13. Nf1 Na5 14. Bc2 Bf6 15.
Ng3 g6 16. Bf4 c5 17. Bxd6 cxd4 18. Bd3 Rc8 19. b3 Qb6 20. Bf4 Nc6 21. Rc1 Nde5
22. Nxe5 Nxe5 23. Bxe5 Bxe5 24. Qg4 Rc3 25. Red1 Qa5 26. f4 Rxd3 27. fxe5 Rxd1+
28. Rxd1 Qb6 29. Qg5 d3+ 30. Kh1 Qd4 31. Nh5 Rxe5 32. Qf6 gxh5 33. Rf1 Bd5 34.
Qd8+ Kg7 35. Qf6+ Kf8 36. exd5 Qxd5 37. Rc1 Ke8 38. Rc8+ Kd7 39. Rd8+ Kc7 40.
Rxd5 Rxd5 41. Qxf7+ Kc6 42. Qf6+ Kd7 43. Qg7+ Kd6 44. Qh6+ Kc5 45. Qe3+ Rd4 46.
Qd2 Rd5 47. g4 Kd4 48. Kg2 hxg4 49. hxg4 Rd7 50. Qh6 Rf7 51. Qe6 Kc3 52. Qc6+
Kd2 53. Qxa6 Kd1 54. Qe6 Rc7 55. Qd6 Rc2+ 56. Kf3 d2 57. a4 Kc1 58. Qa3+ Kb1 59.
Ke2 bxa4 60. bxa4 h5 61. gxh5 1-0

[Event "26th Carlos Torre Mem"]
[Site "Merida MEX"]
[Date "2014.12.20"]
[Round "5.5"]
[White "Gonzalez Vidal, Yuri"]
[Black "Barros Rivadeneira, Cristhian"]
[Result "1-0"]
[WhiteTitle "GM"]
[BlackTitle "IM"]
[WhiteElo "2560"]
[BlackElo "2346"]
[WhiteFideId "3503321"]
[BlackFideId "3609677"]
[EventDate "2014.12.18"]

1. e4 c5 2. Nf3 Nc6 3. d4 cxd4 4. Nxd4 g6 5. c4 Bg7 6. Be3 Nf6 7. Nc3 O-O 8. Be2
d6 9. O-O Bd7 10. Nc2 Qa5 11. f4 Rfc8 12. c5 Nb4 13. Nd4 Ne8 14. f5 dxc5 15. Nb3
Qd8 16. Nxc5 Nd6 17. f6 Bxf6 18. Rxf6 exf6 19. a3 Bc6 20. axb4 b6 21. b5 Nxb5
22. Nxb5 bxc5 23. Qxd8+ Rxd8 24. Nc3 Rab8 25. Ra2 Re8 26. Bxc5 Bxe4 27. b4 1-0

[Event "26th Carlos Torre Mem"]
[Site "Merida MEX"]
[Date "2014.12.20"]
[Round "5.6"]
[White "Perez Rodriguez, Luis Manuel"]
[Black "Gonzalez Zamora, Juan Carlos"]
[Result "0-1"]
[WhiteTitle "GM"]
[BlackTitle "GM"]
[WhiteElo "2370"]
[BlackElo "2523"]
[WhiteFideId "3503364"]
[BlackFideId "3507548"]
[EventDate "2014.12.18"]

1. e4 c5 2. Nf3 e6 3. d4 cxd4 4. Nxd4 a6 5. Bd3 Bc5 6. c3 d6 7. Qg4 Nf6 8. Qxg7
Rg8 9. Qh6 e5 10. Nf5 Bxf5 11. exf5 Bxf2+ 12. Ke2 Ba7 13. g3 Nbd7 14. Bg5 Qb6
15. Bxf6 Qf2+ 16. Kd1 Be3 17. Qh5 Nxf6 18. Qe2 O-O-O 19. Nd2 d5 20. Re1 Qxe2+
21. Rxe2 Bxd2 22. Kxd2 e4 23. Bc2 Rg5 24. Rf1 Kc7 25. Ke3 Kd6 26. Kd4 Re8 27. c4
dxc4 28. Kxc4 Ke5 29. Bxe4 Rg4 30. Rf4 Rxf4 31. gxf4+ Kxf4 32. Bd3 Rc8+ 33. Kd4
Rd8+ 34. Kc3 Nd5+ 35. Kd2 Kg5 36. Rg2+ Kh4 37. Rf2 h5 38. a3 Kg5 39. Rg2+ Kf6
40. Rf2 Ne7 41. Kc3 Rc8+ 42. Kd4 Nc6+ 43. Ke4 Ne5 44. Rc2 Rg8 45. Be2 h4 46. Bd1
Rg1 47. Rd2 Nc4 48. Rd4 Re1+ 49. Kf4 Rf1+ 50. Ke4 Nxb2 51. Bb3 b5 52. Rd6+ Kg5
53. Bxf7 Rf4+ 54. Ke3 Ra4 55. f6 Rxa3+ 56. Ke4 Ra4+ 57. Ke5 Rf4 58. Rxa6 Nd3+ 0-1

[Event "26th Carlos Torre Mem"]
[Site "Merida MEX"]
[Date "2014.12.20"]
[Round "5.7"]
[White "Nogueiras Santiago, Jesus"]
[Black "Martinez Rodriguez, Miguel"]
[Result "1-0"]
[WhiteTitle "GM"]
[WhiteElo "2502"]
[BlackElo "2046"]
[WhiteFideId "3500020"]
[BlackFideId "5115191"]
[EventDate "2014.12.18"]

1. d4 g6 2. e4 Bg7 3. Nc3 c6 4. Nf3 d5 5. h3 Nh6 6. Bd3 O-O 7. O-O Na6 8. Bf4 f6
9. Re1 Nf7 10. Bh2 Bh6 11. a3 e6 12. exd5 exd5 13. Bxa6 bxa6 14. Na4 Re8 15. Nc5
Bf8 16. Rxe8 Qxe8 17. Qd2 Nd6 18. Re1 Qd8 19. Qc3 Qb6 20. Bxd6 Bxd6 21. Re8+ Kf7
22. Qe3 Qc7 23. Rh8 Kg7 24. Ne6+ Bxe6 25. Rxa8 Bd7 26. Qb3 g5 27. Ne1 h5 28. Nd3
g4 29. Nc5 Bxc5 30. dxc5 gxh3 31. gxh3 1-0

[Event "26th Carlos Torre Mem"]
[Site "Merida MEX"]
[Date "2014.12.20"]
[Round "6.1"]
[White "Bruzon Batista, Lazaro"]
[Black "Ramirez, Alejandro"]
[Result "1/2-1/2"]
[WhiteTitle "GM"]
[BlackTitle "GM"]
[WhiteElo "2668"]
[BlackElo "2579"]
[WhiteFideId "3503739"]
[BlackFideId "6500617"]
[EventDate "2014.12.18"]

1. e4 e6 2. d4 d5 3. Nd2 c5 4. exd5 Qxd5 5. dxc5 Bxc5 6. Ngf3 Nf6 7. Bc4 Qd8 8.
Qe2 a6 9. O-O O-O 10. Ne4 Be7 11. Bd3 Nbd7 12. Nxf6+ Bxf6 13. c3 Qc7 14. Re1 Rd8
15. Bc2 Nf8 16. Qe4 Bd7 17. Be3 Bc6 18. Qg4 b5 19. Bf4 Qb7 20. Ne5 Bd5 1/2-1/2

[Event "26th Carlos Torre Mem"]
[Site "Merida MEX"]
[Date "2014.12.20"]
[Round "6.2"]
[White "Ortiz Suarez, Isan Reynaldo"]
[Black "Hevia Alejano, Carlos Antonio"]
[Result "1-0"]
[WhiteTitle "GM"]
[BlackTitle "IM"]
[WhiteElo "2623"]
[BlackElo "2511"]
[WhiteFideId "3507165"]
[BlackFideId "3508811"]
[EventDate "2014.12.18"]

1. e4 c5 2. Nf3 d6 3. d4 cxd4 4. Nxd4 Nf6 5. Nc3 a6 6. Bg5 e6 7. f4 h6 8. Bh4
Be7 9. Qf3 Qc7 10. O-O-O Nbd7 11. g4 g5 12. e5 dxe5 13. fxg5 hxg5 14. Bg3 Qb6
15. Nb3 Qc6 16. Qe2 Qxh1 17. Bg2 Qxg2 18. Qxg2 Ra7 19. Bf2 b6 20. Qg1 Rb7 21.
Nd2 b5 22. Nde4 1-0

[Event "26th Carlos Torre Mem"]
[Site "Merida MEX"]
[Date "2014.12.20"]
[Round "6.3"]
[White "Cordova, Emilio"]
[Black "Alvarez Pedraza, Aramis"]
[Result "1-0"]
[WhiteTitle "GM"]
[BlackTitle "GM"]
[WhiteElo "2616"]
[BlackElo "2482"]
[WhiteFideId "3801497"]
[BlackFideId "3507408"]
[EventDate "2014.12.18"]

1. Nf3 Nf6 2. d4 g6 3. g3 Bg7 4. Bg2 O-O 5. O-O c6 6. c4 d6 7. Nc3 Bf5 8. Ne1
Qc8 9. e4 Bh3 10. Nd3 Bxg2 11. Kxg2 b5 12. cxb5 cxb5 13. f3 a6 14. Be3 Qb7 15.
Rc1 Nbd7 16. Qd2 Rfc8 17. Ne2 e6 18. b3 Bf8 19. g4 Be7 20. Ng3 Rxc1 21. Rxc1 Rc8
22. g5 Ne8 23. Rxc8 Qxc8 24. d5 Bd8 25. dxe6 fxe6 26. Nf2 Ne5 27. h4 Qc6 28. Bd4
Nf7 29. Ng4 Kf8 30. Ne2 Ke7 31. Bc3 Bb6 32. Bb4 Kd8 33. Nd4 Qc8 34. Ba5 Bxa5 35.
Qxa5+ Ke7 36. Qb6 Nd8 37. Qa7+ Qb7 38. Nc6+ Kf8 39. Qxb7 Nxb7 40. b4 Kf7 41. f4
d5 42. Nge5+ Kg7 43. exd5 exd5 44. Ne7 Nc7 45. f5 gxf5 46. Nxf5+ Kf8 47. Kf3 Ne6
48. Ke3 Nbd8 49. a3 Nc7 50. Nd7+ Kf7 51. Kf4 Kg6 52. Nf8+ Kf7 53. Nxh7 Nc6 54.
Nd6+ Kg6 55. Nf8+ Kg7 56. Nd7 Ne6+ 57. Ke3 Kg6 58. Nc5 Ned4 59. Nd3 Nf5+ 60.
Nxf5 Kxf5 61. Ne1 a5 62. bxa5 Nxa5 63. Kd4 Nc4 64. Nc2 Ke6 65. Kc5 Ke5 66. Kxb5
Nd6+ 67. Kb4 d4 68. Nxd4 Kxd4 69. g6 Nf5 70. a4 Kd5 71. a5 Kc6 72. h5 Kb7 73. g7
Nh6 74. Kc5 Ka6 75. Kd5 Kxa5 76. Ke5 1-0

[Event "26th Carlos Torre Mem"]
[Site "Merida MEX"]
[Date "2014.12.20"]
[Round "6.4"]
[White "Vera Gonzalez-Quevedo, Reynaldo"]
[Black "Gonzalez Vidal, Yuri"]
[Result "1/2-1/2"]
[WhiteTitle "GM"]
[BlackTitle "GM"]
[WhiteElo "2445"]
[BlackElo "2560"]
[WhiteFideId "3500055"]
[BlackFideId "3503321"]
[EventDate "2014.12.18"]

1. d4 Nf6 2. c4 e6 3. Nc3 Bb4 4. Qc2 O-O 5. Nf3 c5 6. dxc5 Na6 7. g3 Nxc5 8. Bg2
b6 9. O-O Bxc3 10. Qxc3 Bb7 11. b3 Qe7 12. Bb2 Rfd8 13. Rac1 Rac8 14. Rfd1 d6
15. h3 e5 16. Qe3 h6 17. Kh2 Kh7 18. Ba3 g6 19. Rc2 Be4 20. Rcd2 Ba8 21. Rc2 Be4
22. Rcd2 Ba8 23. Rc2 Be4 24. Rcd2 1/2-1/2

[Event "26th Carlos Torre Mem"]
[Site "Merida MEX"]
[Date "2014.12.20"]
[Round "6.5"]
[White "Gonzalez Zamora, Juan Carlos"]
[Black "Garcia Pantoja, Roberto"]
[Result "1/2-1/2"]
[WhiteTitle "GM"]
[BlackTitle "IM"]
[WhiteElo "2523"]
[BlackElo "2461"]
[WhiteFideId "3507548"]
[BlackFideId "3509265"]
[EventDate "2014.12.18"]

1. Nf3 Nf6 2. c4 g6 3. Nc3 Bg7 4. g3 O-O 5. Bg2 d6 6. O-O e5 7. d3 Nc6 8. h3 Re8
9. e4 a5 10. Be3 Bd7 11. Rc1 Nh5 12. d4 exd4 13. Nxd4 Nxd4 14. Bxd4 Bh6 15. Nd5
Bxc1 16. Qxc1 c6 17. Ne3 c5 18. Bc3 Bc6 19. Nd5 Bxd5 20. cxd5 b5 21. b3 b4 22.
Bb2 a4 23. g4 Nf6 24. Qf4 Nd7 25. Qxd6 axb3 26. axb3 Ra2 27. Bc1 Qe7 28. Qxe7
Rxe7 29. f4 Rxg2+ 30. Kxg2 Rxe4 31. f5 gxf5 32. Rxf5 Rd4 33. Rg5+ Kf8 34. Rh5
Rd3 35. Rxh7 Rxb3 36. Bh6+ Ke8 37. Bg5 f6 38. Bf4 Rd3 39. Rh8+ 1/2-1/2

[Event "26th Carlos Torre Mem"]
[Site "Merida MEX"]
[Date "2014.12.20"]
[Round "6.6"]
[White "Ruiz Sanchez, Orlen"]
[Black "Nogueiras Santiago, Jesus"]
[Result "1/2-1/2"]
[WhiteTitle "IM"]
[BlackTitle "GM"]
[WhiteElo "2411"]
[BlackElo "2502"]
[WhiteFideId "3506231"]
[BlackFideId "3500020"]
[EventDate "2014.12.18"]

1. e4 Nf6 2. Nc3 d5 3. e5 d4 4. exf6 dxc3 5. fxg7 cxd2+ 6. Bxd2 Bxg7 7. Qf3 Nc6
8. O-O-O Qd6 9. Bc3 Qh6+ 10. Kb1 O-O 11. Qg3 Bf5 12. Nf3 Qg6 13. Bd3 Bxd3 14.
Rxd3 Qxg3 15. hxg3 Rad8 16. Bxg7 Kxg7 17. Rhd1 Rxd3 18. Rxd3 Rd8 19. Rxd8 Nxd8
20. Kc1 f5 21. Nd4 Kf6 22. f4 a6 23. Nf3 Nc6 24. Kd2 h6 25. a3 e5 1/2-1/2

[Event "26th Carlos Torre Mem"]
[Site "Merida MEX"]
[Date "2014.12.20"]
[Round "6.7"]
[White "Gonzalez Garcia, Jose"]
[Black "Miranda Mesa, Elier"]
[Result "1/2-1/2"]
[WhiteTitle "GM"]
[BlackTitle "FM"]
[WhiteElo "2496"]
[BlackElo "2416"]
[WhiteFideId "5101174"]
[BlackFideId "3510697"]
[EventDate "2014.12.18"]

1. d4 d5 2. c4 c6 3. Nf3 Nf6 4. e3 g6 5. Nc3 Bg7 6. Be2 O-O 7. O-O dxc4 8. Bxc4
Bg4 9. Be2 Nbd7 10. e4 Qb6 11. Be3 Bxf3 12. Bxf3 Qxb2 13. Qe1 Qb6 14. e5 Ne8 15.
Rb1 Qc7 16. Qe2 Qc8 17. Bg4 f6 18. exf6 exf6 19. Be6+ Kh8 20. Ne4 Qc7 21. Bxd7
Qxd7 22. Nc5 Qd5 23. Rxb7 Nd6 24. Rd7 Rf7 25. Rb7 Rd7 26. Rxd7 Qf7 1/2-1/2

[Event "26th Carlos Torre Mem"]
[Site "Merida MEX"]
[Date "2014.12.21"]
[Round "7.1"]
[White "Bruzon Batista, Lazaro"]
[Black "Ortiz Suarez, Isan Reynaldo"]
[Result "1-0"]
[WhiteTitle "GM"]
[BlackTitle "GM"]
[WhiteElo "2668"]
[BlackElo "2623"]
[WhiteFideId "3503739"]
[BlackFideId "3507165"]
[EventDate "2014.12.18"]

1. d4 Nf6 2. c4 e6 3. Nf3 b6 4. g3 Ba6 5. b3 b5 6. cxb5 Bxb5 7. Bg2 d5 8. O-O
Be7 9. Nc3 Ba6 10. b4 O-O 11. Rb1 Nbd7 12. Bf4 Nh5 13. Bd2 Nhf6 14. Re1 c6 15.
Bf4 Nh5 16. Bc1 Nhf6 17. Qc2 Ne8 18. Na4 Nd6 19. Nc5 Nxc5 20. dxc5 Nc4 21. e4
Bb7 22. Bf1 a5 23. Bxc4 dxc4 24. Rd1 Qc8 25. Be3 axb4 26. Rxb4 Ra5 27. Ne5 Ba6
28. Nxc4 Bxc4 29. Qxc4 Qc7 30. Rdb1 Qe5 31. Rc1 Rfa8 32. a4 h6 33. Kg2 Bf8 34.
Qc2 Qc7 35. Rcb1 Qe5 36. Rc4 Qc7 37. Bd2 R5a7 38. a5 Be7 39. Rb6 Bd8 40. Qa4 Ra6
41. Rd4 Qc8 42. Rxa6 Qxa6 43. Rd6 Rc8 44. Qd4 Bc7 45. Bc3 f6 46. Rd7 Be5 47. Qd3
Qxd3 48. Rxd3 Bxc3 49. Rxc3 Ra8 50. Ra3 Ra6 51. e5 Kf7 52. Kf3 f5 53. Ke3 Ke7
54. Kd4 Kd7 55. Kc4 Kc7 56. f4 Ra8 57. a6 g5 58. h3 gxf4 59. gxf4 h5 60. Kb4
Rb8+ 61. Kc4 h4 62. Ra2 Rg8 63. Rb2 Rg3 64. Rb7+ Kc8 65. Rh7 Kb8 66. Rxh4 Rf3
67. Rh6 Rxf4+ 68. Kd3 Rf3+ 69. Ke2 Rc3 70. Rxe6 Rxc5 71. Re7 Rc4 72. e6 Re4+ 73.
Kf3 c5 74. h4 c4 75. h5 c3 76. Rb7+ Kc8 77. Rb3 c2 78. Rc3+ Kd8 79. Rxc2 Ra4 80.
Rc6 Ke7 81. h6 1-0

[Event "26th Carlos Torre Mem"]
[Site "Merida MEX"]
[Date "2014.12.21"]
[Round "7.2"]
[White "Ramirez, Alejandro"]
[Black "Cordova, Emilio"]
[Result "1/2-1/2"]
[WhiteTitle "GM"]
[BlackTitle "GM"]
[WhiteElo "2579"]
[BlackElo "2616"]
[WhiteFideId "6500617"]
[BlackFideId "3801497"]
[EventDate "2014.12.18"]

1. d4 e6 2. e4 d5 3. exd5 exd5 4. Nf3 Bd6 5. Bd3 Ne7 6. O-O Nbc6 7. Re1 O-O 8.
c3 Bf5 9. Bg5 f6 10. Bh4 Bxd3 11. Qxd3 Qd7 12. Bg3 Nf5 13. Bxd6 Nxd6 14. Nbd2
Rfe8 15. Rxe8+ Rxe8 16. Re1 Rxe1+ 17. Nxe1 Ne7 18. Kf1 a5 19. Nc2 h5 20. b3 Kf7
21. Ne3 Ndf5 22. Nxf5 Nxf5 23. Nf3 Nd6 24. Nd2 Qg4 25. Qe2 Qxe2+ 26. Kxe2 1/2-1/2

[Event "26th Carlos Torre Mem"]
[Site "Merida MEX"]
[Date "2014.12.21"]
[Round "7.3"]
[White "Gonzalez Vidal, Yuri"]
[Black "Kjartansson, Gudmundur"]
[Result "1-0"]
[WhiteTitle "GM"]
[BlackTitle "IM"]
[WhiteElo "2560"]
[BlackElo "2451"]
[WhiteFideId "3503321"]
[BlackFideId "2301318"]
[EventDate "2014.12.18"]

1. Nf3 d5 2. c4 e6 3. g3 Nf6 4. Bg2 Be7 5. O-O O-O 6. b3 b6 7. Bb2 Bb7 8. e3 c5
9. Nc3 dxc4 10. bxc4 Nc6 11. Qe2 Qc7 12. Ne1 Rfd8 13. f4 Nb4 14. a3 Bxg2 15.
Qxg2 Nc6 16. g4 Na5 17. d3 Qc6 18. Qe2 a6 19. a4 Qd7 20. Rd1 Nc6 21. g5 Ne8 22.
Ne4 Nd6 23. Nxd6 Bxd6 24. Nf3 Nb4 25. Nd2 Qxa4 26. Ne4 Qb3 27. Rf3 Be7 28. Nf2
Ra7 29. Rh3 g6 30. Rd2 Rad7 31. Qg4 Nxd3 32. Rxh7 Qxb2 33. Rxb2 Kxh7 34. Rxb6
Nxf2 35. Kxf2 Rd2+ 36. Kf3 Rxh2 37. Rb7 Re8 38. Qg1 Rh3+ 39. Kg4 Rh5 40. Qd1 Kg8
41. Rxe7 1-0

[Event "26th Carlos Torre Mem"]
[Site "Merida MEX"]
[Date "2014.12.21"]
[Round "7.4"]
[White "Miranda Mesa, Elier"]
[Black "Obregon Rivero, Juan Carlos"]
[Result "1/2-1/2"]
[WhiteTitle "FM"]
[BlackTitle "IM"]
[WhiteElo "2416"]
[BlackElo "2548"]
[WhiteFideId "3510697"]
[BlackFideId "3507815"]
[EventDate "2014.12.18"]

1. e4 c5 2. Nf3 d6 3. Bb5+ Nd7 4. O-O g6 5. c3 Nf6 6. Re1 a6 7. Bf1 Bg7 8. d4
O-O 9. Nbd2 b6 10. e5 dxe5 11. dxe5 Ng4 12. e6 fxe6 13. Bc4 Nde5 14. h3 b5 15.
hxg4 Nxc4 16. Nxc4 bxc4 17. Qxd8 Rxd8 18. Be3 Rb8 19. Rad1 Rd3 20. Nd2 Bb7 21.
Nxc4 Rxd1 22. Rxd1 Bd5 23. b3 Rb5 24. Rc1 Bxc4 25. bxc4 Ra5 26. Rc2 Kf7 27. f3
Ra4 28. Bxc5 Rxc4 29. Bb4 e5 30. Re2 Ke6 31. Kf2 Bh6 32. g3 Bg5 33. Ke1 Kd5 34.
Kd1 Rc8 35. Re4 Rc4 36. Re2 e6 37. Kc2 a5 38. Bxa5 Ra4 39. Bb4 Rxa2+ 40. Kd3
Rxe2 41. c4+ Kc6 42. Kxe2 h5 43. gxh5 gxh5 44. Be1 Kc5 45. Kd3 Bf6 46. Bf2+ Kb4
47. Be1+ Kc5 48. Bf2+ Kb4 49. Bb6 h4 50. gxh4 Bxh4 51. Bc7 Kc5 52. Bxe5 Kc6 53.
Bd4 Bd8 54. Ke4 Bc7 55. Be5 Ba5 56. Bd4 Bc7 57. f4 Ba5 58. c5 Bc7 59. Be5 Ba5
60. Kd4 Bd8 61. Bd6 Bf6+ 62. Ke4 Bc3 63. Be5 Ba5 64. Bd4 Bd8 65. f5 exf5+ 66.
Kxf5 Kd5 1/2-1/2